00709nam a2200193Ia 4500001001000000003000500010008004100015010001100056040000900067100002400076245004300100260003400143500002200177505021000199630002500409650003100434650002800465650002200493Para_1763CHAP220125s1997 xx 000 0 und d a200395 cCHAP aQuiñones F., Juan aEl tomate II :b enfermedades y plagas aCuliacán, Sin. :b El autor aVIDEOCASSETTE VHS aContiene:Enfermedades y plagas del tomate en México, factores climáticos culturales y demás que les favorecen. Explesa la forma paropiada de combate, haciendo enfásis al manejo integrado de plagas. aMATERIAL AUDIOVISUAL aManejo integrado de plagas aTomate x enfermedades  aTomate x plagas